No se va. Morat - Estadísticas

Estadísticas generales
  • Esta prueba ha sido intentada 50 veces
  • La puntuación promedio es 354 de 388
Estadísticas de respuestas
Respuesta % Correcto
a
100%
no
100%
100%
se
100%
100%
tu
100%
Tu
100%
100%
va
100%
Y
100%
y
100%
en
97%
la
97%
mi
97%
97%
que
97%
recuerdo
97%
te
97%
Te
97%
Ya
97%
de
94%
De
94%
disimular
94%
es
94%
hablar
94%
olvida
94%
olvidar
94%
puedo
94%
Un
94%
Algo
91%
algo
91%
así
91%
corazón
91%
difícil
91%
eres
91%
fácil
91%
foto
91%
las
91%
quiere
91%
Tan
91%
tan
91%
ti
91%
una
91%
vida
91%
amor
88%
bala
88%
enamorarme
88%
encontrar
88%
estás
88%
Llamo
88%
más
88%
me
88%
noche
88%
olvidarte
88%
otra
88%
perdida
88%
roto
88%
ver
88%
vez
88%
volver
88%
Yo
88%
aunque
84%
busco
84%
doce
84%
duela
84%
Oh
84%
oh
84%
Por
84%
Quédate
84%
quédate
84%
toda
84%
aire
81%
Aires
81%
Bogotá
81%
Buenos
81%
él
81%
el
81%
hasta
81%
hoy
81%
juraste
81%
si
81%
buscaré
75%
mañana
75%
Porque
75%
vuelve
75%
¿Cómo
72%
loco
72%
suene
72%
entreno
69%
vas
69%
besos
66%
para
66%
explico
63%
Fue
63%
mil
63%
convencerme
59%
cuando
59%
suficiente
59%
mis
56%
Perder
56%
bailes
53%
ojos
53%
Sentir
50%
ay?
31%
No se encontraron pruebas coincidentes
Distribución de puntuación
Porcentaje de gente con cada puntuación
Porcentaje por número respondido
Historial de tus puntuaciones
No has intentado esta prueba.